Robert Ludlum's The Altman code / (Record no. 17544)

MARC details
000 -LEADER
fixed length control field 01180cam a22003375i 4500
001 - CONTROL NUMBER
control field 13101081
003 - CONTROL NUMBER IDENTIFIER
control field EG-ScBUE
005 - DATE AND TIME OF LATEST TRANSACTION
control field 20210104153940.0
008 - FIXED-LENGTH DATA ELEMENTS--GENERAL INFORMATION
fixed length control field 030224s2004 nyu g 000 1 eng d
020 ## - INTERNATIONAL STANDARD BOOK NUMBER
International Standard Book Number 9780312388324
040 ## - CATALOGING SOURCE
Original cataloging agency EG-ScBUE
Language of cataloging eng
Description conventions rda
Transcribing agency EG-ScBUE
Modifying agency EG-ScBUE
082 04 - DEWEY DECIMAL CLASSIFICATION NUMBER
Classification number 813.54
Item number LYN
Edition number 22
100 1# - MAIN ENTRY--PERSONAL NAME
Personal name Lynds, Gayle,
Relator term author.
9 (RLIN) 33718
245 10 - TITLE STATEMENT
Title Robert Ludlum's The Altman code /
Statement of responsibility, etc written by Gayle Lynds.
250 ## - EDITION STATEMENT
Edition statement First paperback edition.
264 #1 - PUBLICATION, DISTRIBUTION, ETC. (IMPRINT)
Place of publication, distribution, etc New York :
Name of publisher, distributor, etc St. Martin's Press,
Date of publication, distribution, etc 2004.
300 ## - PHYSICAL DESCRIPTION
Extent 633 pages ;
Dimensions 22 cm.
336 ## - CONTENT TYPE
Content type term text
Content type code txt
Source rdacontent
337 ## - MEDIA TYPE
Media type term unmediated
Media type code n
Source rdamedia
338 ## - CARRIER TYPE
Carrier type term volume
Carrier type code nc
Source rdacarrier
490 0# - SERIES STATEMENT
Series statement Covert-One novels
650 #7 - SUBJECT ADDED ENTRY--TOPICAL TERM
Topical term or geographic name as entry element Smith, Jon (Fictitious character)
Form subdivision Fiction.
Source of heading or term BUEsh
9 (RLIN) 33719
650 #7 - SUBJECT ADDED ENTRY--TOPICAL TERM
Topical term or geographic name as entry element International relations
Form subdivision Fiction.
Source of heading or term BUEsh
9 (RLIN) 33720
650 #7 - SUBJECT ADDED ENTRY--TOPICAL TERM
Topical term or geographic name as entry element Intelligence officers
Form subdivision Fiction.
Source of heading or term BUEsh
9 (RLIN) 33721
650 #7 - SUBJECT ADDED ENTRY--TOPICAL TERM
Topical term or geographic name as entry element Americans
Geographic subdivision China
Form subdivision Fiction.
Source of heading or term BUEsh
9 (RLIN) 33722
650 #7 - SUBJECT ADDED ENTRY--TOPICAL TERM
Topical term or geographic name as entry element Conspiracies
Form subdivision Fiction.
Source of heading or term BUEsh
9 (RLIN) 24646
651 ## - SUBJECT ADDED ENTRY--GEOGRAPHIC NAME
Source of heading or term BUEsh
653 ## - INDEX TERM--UNCONTROLLED
Resource For college Humanities: English
-- Generalities
Arrived date list September2013
-- January2021
700 1# - ADDED ENTRY--PERSONAL NAME
Personal name Ludlum, Robert,
Dates associated with a name 1927-2001.
Title of a work Altman code.
9 (RLIN) 33723
942 ## - ADDED ENTRY ELEMENTS (KOHA)
Source of classification or shelving scheme Dewey Decimal Classification
Koha item type Book - Borrowing
Holdings
Withdrawn status Lost status Source of classification or shelving scheme Damaged status Not for loan Collection code Home library Current library Shelving location Date acquired Source of acquisition Cost, normal purchase price Serial Enumeration / chronology Total Checkouts Full call number Barcode Date last seen Date checked out Cost, replacement price Price effective from Koha item type
    Dewey Decimal Classification     Baccah Central Library Central Library Second Floor 23/09/2013   64.00 18162 1 813.54 LYN 000028891 15/07/2025 20/02/2022 80.00 23/09/2013 Book - Borrowing